[Event "WY BU16 2012"]
[Site "Maribor SLO"]
[Date "2012.11.17"]
[Round "10.18"]
[White "Le Tuan Minh"]
[Black "Lampert,J"]
[Result "1/2-1/2"]
[WhiteElo "2204"]
[BlackElo "2292"]

1.d4 d5 2.c4 c6 3.Nc3 Nf6 4.e3 e6 5.Nf3 Nbd7 6.Bd3 dxc4 7.Bxc4 b5 8.Bd3 a6
9.O-O c5 10.a4 b4 11.Nb1 Bb7 12.Nbd2 cxd4 13.exd4 Be7 14.a5 O-O 15.Qe2 Qc7
16.Re1 Nd5 17.Bc4 Nf4 18.Qe3 Nf6 19.Bf1 Ng4 20.Qb3 Bd5 21.Qd1 Ng6 22.h3 Nf6
23.b3 Qb7 24.Bb2 Rfd8 25.Qe2 Nf4 26.Qe3 Bd6 27.g3 Ng6 28.Ne5 Nd7 29.Ne4 Ndxe5
30.Nxd6 Nf3+ 31.Qxf3 Rxd6 32.Qe3 Rc6 33.Rec1 Ne7 34.Rc5 Nf5 35.Qd3 Nd6 36.Rac1 Ne4
37.Rxc6 Bxc6 38.Qc4 Bd5 39.Qc7 Nd2 40.Qxb7 Bxb7 41.Rc7 Bd5 42.Bc4  1/2-1/2

[Event "Siberian Bank Cup"]
[Site "Novosibirsk RUS"]
[Date "2012.11.17"]
[Round "4"]
[White "Sjugirov,S"]
[Black "Jakovenko,D"]
[Result "1/2-1/2"]
[WhiteElo "2624"]
[BlackElo "2741"]

1.d4 d5 2.c4 c6 3.Nc3 Nf6 4.e3 e6 5.Nf3 Nbd7 6.Bd3 dxc4 7.Bxc4 b5 8.Bd3 Bd6
9.O-O O-O 10.Bd2 Bb7 11.Rc1 Rc8 12.a3 a5 13.e4 e5 14.dxe5 Nxe5 15.Nxe5 Bxe5
16.Qe2 Re8 17.Rfd1 Qe7 18.f3 h5 19.Be3 Qd6 20.g3 Qe6 21.Qf2 Rcd8 22.Bf1 Rxd1
23.Rxd1 h4 24.Rd2 hxg3 25.hxg3 Nh5 26.Ne2 f5 27.Bh3 g6 28.f4 Bc7 29.e5 Rd8
30.Rxd8+ Bxd8 31.Bg2 Ng7 32.Bb6 Be7 33.Nd4 Qd7 34.Qf3 Bd8 35.Bc5 Ne6 36.Nxe6 Qxe6
37.Qd3 Be7 38.Qc3 Bxc5+ 39.Qxc5 a4 40.Qa7 Qc8 41.Qd4 Qe6 42.Qd8+ Kf7 43.Qh8 Bc8
44.Qh7+ Ke8 45.Qh8+ Kf7 46.Kh2 Bd7 47.Qd8 Be8 48.Kg1 Qe7 49.Qd4 Qd7 50.Qxd7+ Bxd7
51.Kf2 Ke6 52.Ke3 c5 53.Bb7 Be8 54.Kd3 Bd7 55.Kc3 Be8 56.Bf3 Bd7 57.Kd3 Be8
58.Ke3 Bd7 59.Kd2 Be8 60.Kc3 Bd7 61.Bg2 Be8 62.Kd3 Bd7 63.Bf3 Be8 64.Bd1 Bd7
65.Bc2 Be8 66.Bb1 Bc6 67.Ba2+ Ke7 68.Kc3 Be4 69.Bg8 Bc6 70.Ba2 Be4 71.Kd2 Bc6
72.Bb1 Bd5 73.Bd3 Bc6 74.Ke3 Bd7 75.g4 Ke6 76.gxf5+ gxf5 77.Be2 Ke7 78.Bh5 Be6
79.Kd2 Bd7 80.Kc3 Be6 81.Bf3 Bd7 82.Bd5 Be8 83.Kd2 Bd7 84.Ke3 Be8 85.Kf2 Bd7
86.Kg3 Be8 87.Kf2 Bd7 88.Kf3 Be8 89.Kg3 Bd7 90.Kh4 Be8 91.Kg3 Bd7 92.Kf2 Be8
93.Ke3 Bd7 94.Kd2 Be8 95.Kc3 Bd7 96.b3 axb3 97.Kxb3 Be8 98.Kc3 Bd7 99.Bb3 Be8
100.Bd5 Bd7 101.Bb7 Ke6 102.Bf3 Ke7 103.Bd5 Be8 104.Ba2 Bd7 105.Bb1 Be6 106.Bc2 Bd7
107.Bd3 Ke6 108.Bb1 Ke7 109.Bd3 Ke6 110.Be2 Ke7 111.Bd1 Be8 112.Bb3 Bc6 113.Bg8 Bd7
114.Bd5 Be8 115.Ba2 Bd7 116.Bb1 Be6  1/2-1/2

[Event "TCh-HUN 2012-13"]
[Site "Decs HUN"]
[Date "2012.11.18"]
[Round "4"]
[White "Horvath,Cs1"]
[Black "Sedlak,N"]
[Result "1/2-1/2"]
[WhiteElo "2526"]
[BlackElo "2538"]

1.d4 d5 2.c4 c6 3.Nc3 Nf6 4.e3 e6 5.Nf3 Nbd7 6.Qc2 Bd6 7.Bd3 O-O 8.O-O dxc4
9.Bxc4 b5 10.Be2 Bb7 11.Rd1 Qb8 12.e4 e5 13.dxe5 Nxe5 14.Nd4 b4 15.Nf5 Bc5
16.Na4 Bxf2+ 17.Kxf2 Neg4+ 18.Bxg4 Nxg4+ 19.Ke1 Qxh2 20.Qe2 Rae8 21.Bg5 c5
22.Ne7+ Rxe7 23.Bxe7 Qg3+ 24.Kd2 Qf4+ 25.Ke1 Qg3+ 26.Kd2 Qf4+  1/2-1/2

[Event "22nd World Seniors Open"]
[Site "Kamena Vourla GRE"]
[Date "2012.11.18"]
[Round "6.36"]
[White "Rave,Avraham"]
[Black "Schneider,Al"]
[Result "0-1"]
[WhiteElo "1838"]
[BlackElo "2031"]

1.d4 Nf6 2.Nf3 e6 3.c4 d5 4.e3 c6 5.Nc3 Bd6 6.Qc2 Nbd7 7.Be2 O-O 8.O-O Re8
9.b3 dxc4 10.bxc4 e5 11.e4 exd4 12.Nxd4 Nc5 13.Nf5 Be5 14.Ng3 Ncxe4 15.Bb2 Nxc3
16.Bxc3 Bxc3 17.Qxc3 Ne4 18.Nxe4 Rxe4 19.Rad1 Qe8 20.Bd3 Re5 21.c5 Rd5 22.Rfe1 Qf8
23.Rc1 Be6 24.a4 Rad8 25.Bb1 Rd4 26.Qb2 R8d7 27.h3 Rxa4 28.Qc2 Rh4 29.g3 Rxh3
30.Kg2 Rh6 31.Qa4 a6 32.Rh1 Rxh1 33.Rxh1 Bd5+ 34.f3 g6 35.Qf4 Qe7 36.g4 Qe2+
37.Kg3 Re7 38.Qf6 Qe5+ 39.Qxe5 Rxe5 40.Kf4 Re2 41.Bd3 Rf2 42.Be4 Bxe4 43.Kxe4 Rb2
44.Ke5 Rd2 45.Rb1 Kg7 46.Rxb7 Rd5+ 47.Ke4 Rxc5 48.Ra7 Ra5 49.Rc7 c5 50.f4 Ra4+
51.Ke5 Rb4 52.f5 gxf5 53.gxf5 Rb1 54.Rc8 f6+ 55.Ke6 Re1+ 56.Kd6 Re5 57.Rc7+ Kh6
58.Ra7 Rxf5 59.Rxa6 Kg6 60.Ra8 h5 61.Rg8+ Kf7 62.Rc8 Kg7 63.Rc7+ Kg6 64.Rc8 h4
65.Rg8+ Kh5 66.Ke6 Rf2 67.Rc8 h3 68.Rxc5+ Kg4 69.Rc8 h2 70.Rg8+ Kh3 71.Rh8+ Kg2
72.Rg8+ Kf1 73.Rh8 Kg1  0-1

[Event "WY BU18 2012"]
[Site "Maribor SLO"]
[Date "2012.11.18"]
[Round "11.32"]
[White "Torres Rosas,L"]
[Black "Kokotovic,A"]
[Result "1-0"]
[WhiteElo "2243"]
[BlackElo "2062"]

1.d4 d5 2.c4 c6 3.Nf3 Nf6 4.Nc3 e6 5.e3 Nbd7 6.Qc2 Bd6 7.g4 Nxg4 8.Rg1 f5
9.h3 Ngf6 10.Rxg7 Ne4 11.Bd2 Qf6 12.Rg2 Qe7 13.O-O-O Ndf6 14.Bd3 Rg8 15.Rxg8+ Nxg8
16.Rg1 Ngf6 17.Be1 Nxc3 18.Bxc3 Bd7 19.Ne5 O-O-O 20.f3 Kb8 21.Kb1 Rg8 22.Rxg8+ Nxg8
23.Qg2 Nf6 24.Qg5 Be8 25.Be1 Qf8 26.Bh4 Be7 27.Qg3 Kc8 28.c5 Bd8 29.Qg5 h6
30.Qg2 Nd7 31.Nxd7 Bxd7 32.Bxd8 Qxd8 33.Kc2 Qg5 34.Qxg5 hxg5 35.f4 gxf4 36.exf4 b5
37.a4 a6 38.Kc3 Be8 39.Be2 Kc7 40.Kb4 Kb7 41.h4 Kc7 42.h5 Kd7 43.h6 Bg6 44.Bh5 Bh7
45.Ka5 bxa4 46.Kxa4 Ke7 47.Ka5 Kf6 48.Kxa6 Bg6 49.Bxg6 Kxg6 50.Kb6 e5 51.fxe5 f4
52.e6 f3 53.e7  1-0

[Event "WY BU18 2012"]
[Site "Maribor SLO"]
[Date "2012.11.18"]
[Round "11.22"]
[White "Rindlisbacher,J"]
[Black "Krzyzanowski,M"]
[Result "0-1"]
[WhiteElo "2246"]
[BlackElo "2357"]

1.d4 d5 2.c4 c6 3.Nc3 Nf6 4.Nf3 e6 5.e3 Nbd7 6.Qc2 Bd6 7.g4 h6 8.h3 Qe7 9.Bd2 dxc4
10.e4 e5 11.Bxc4 b5 12.dxe5 Nxe5 13.Nxe5 Bxe5 14.Bd3 O-O 15.O-O-O Be6 16.f4 Bxc3
17.Bxc3 Bxa2 18.g5 hxg5 19.h4 g4 20.h5 b4 21.Be5 Nd7 22.h6 Nxe5 23.hxg7 Kxg7
24.fxe5 Qg5+ 25.Rd2 Rh8 26.Rg1 Rh2 27.b3 Bxb3 28.Qxb3 Rxd2 29.Kb1 Rd8 30.Rf1 Rd7
31.e6 R7xd3  0-1

[Event "WY BU18 2012"]
[Site "Maribor SLO"]
[Date "2012.11.18"]
[Round "11.36"]
[White "Drnovsek,G"]
[Black "Maurizio,Antonio"]
[Result "1-0"]
[WhiteElo "2236"]
[BlackElo "2067"]

1.d4 d5 2.c4 c6 3.Nf3 Nf6 4.e3 e6 5.Nc3 Nbd7 6.Qc2 Bd6 7.Be2 O-O 8.O-O dxc4
9.Bxc4 Qe7 10.e4 e5 11.h3 exd4 12.Nxd4 Ne5 13.Be2 Rd8 14.Be3 Bc5 15.Rad1 Ng6
16.Rfe1 Nf4 17.Bf1 N6h5 18.Nxc6 bxc6 19.Bxc5 Nxh3+ 20.gxh3 Qg5+ 21.Kh1 Be6
22.Bd6  1-0

[Event "WY GU16 2012"]
[Site "Maribor SLO"]
[Date "2012.11.18"]
[Round "11.19"]
[White "Chiang,S"]
[Black "Horvath,Il"]
[Result "0-1"]
[WhiteElo "2088"]
[BlackElo "1846"]

1.d4 d5 2.c4 c6 3.Nf3 Nf6 4.Nc3 e6 5.e3 Be7 6.Bd3 dxc4 7.Bxc4 b5 8.Bd3 b4
9.Ne4 O-O 10.O-O Nbd7 11.Nxf6+ Nxf6 12.e4 Bb7 13.e5 Nd5 14.Qe2 Qd7 15.Bg5 Rfc8
16.Qe4 g6 17.Qh4 c5 18.Be4 Bf8 19.Rfd1 c4 20.Bf6 Nxf6 21.exf6 Bxe4 22.Qxe4 Qd5
23.Qh4 c3 24.bxc3 bxc3 25.Ng5 h6 26.Nf3 Rc7 27.Ne5 Rac8 28.Re1 c2 29.Rac1 Qxa2
30.Qg4 Kh7 31.h4 h5 32.Qe4 Qd5 33.Qd3 Bh6 34.Nf3 Bxc1 35.Rxc1 Qf5 36.Ng5+ Kg8
37.Ne4 Qf4 38.Qe3 Qxe3 39.fxe3 Rb8 40.Nd2 a5 41.Kf2 a4 42.e4 a3 43.d5 exd5
44.exd5 Rd8 45.Nb3 Rxd5 46.Ke2 Rc3 47.Na1 Rdc5 48.Kd2 a2 49.Ke2 Rc8 50.Kd2 Rg3  0-1

[Event "WY BU16 2012"]
[Site "Maribor SLO"]
[Date "2012.11.18"]
[Round "11.18"]
[White "Akash Pc,I"]
[Black "Javanbakht,N"]
[Result "0-1"]
[WhiteElo "2147"]
[BlackElo "2416"]

1.d4 d5 2.c4 e6 3.Nc3 c6 4.e3 Nf6 5.Nf3 Nbd7 6.Bd3 dxc4 7.Bxc4 b5 8.Bd3 Bd6
9.O-O O-O 10.Bd2 Bb7 11.Rc1 Rc8 12.Ne4 Nxe4 13.Bxe4 f5 14.Bd3 e5 15.dxe5 Nxe5
16.Qb3+ Kh8 17.Nxe5 Bxe5 18.Bb4 c5 19.Bxc5 Bxh2+ 20.Kxh2 Qh4+ 21.Kg1 Bxg2
22.f3 Bh3 23.Rc2 Rf6 24.Be7 Rg6+ 25.Kh2 Qg3+  0-1

[Event "US Chess League KO Final 2012"]
[Site "ICC INT"]
[Date "2012.11.20"]
[Round "2"]
[White "Romanenko,Vl"]
[Black "Erenburg,S"]
[Result "1/2-1/2"]
[WhiteElo "2503"]
[BlackElo "2629"]

1.c4 e6 2.Nc3 d5 3.d4 c6 4.Nf3 Nf6 5.e3 a6 6.b3 Bb4 7.Bd2 Nbd7 8.Bd3 O-O
9.O-O Bd6 10.e4 dxc4 11.Bxc4 e5 12.Qc2 b5 13.Be2 Qc7 14.h3 Re8 15.dxe5 Nxe5
16.Be3 Nxf3+ 17.Bxf3 Bb7 18.Rad1 Rad8 19.Rfe1 h6 20.Rd2 Bh2+ 21.Kf1 Rxd2
22.Qxd2 Rd8 23.Qc2 Be5 24.Rd1 Bxc3 25.Rxd8+ Qxd8 26.Qxc3 c5 27.e5 Bxf3 28.gxf3 Nd7
29.Bxc5 Qh4 30.Bd6 Qxh3+ 31.Ke2 Qe6 32.f4 f6 33.Qd4 fxe5 34.fxe5 Nf6 35.f3 Nd5
36.Kf2 h5 37.Ba3 Kf7 38.Bb2 Qb6 39.Qxb6 Nxb6 40.e6+ Kxe6 41.Bxg7 Kf5 42.Bc3 Nd5
43.Bd4 h4 44.a4 b4 45.Bc5 Nf4 46.Be7 Nd3+ 47.Kg2 Nf4+ 48.Kf2 Nd3+ 49.Kg2 Nc1
50.Bxb4 Nxb3 51.Be7 Nd4 52.Bxh4 Ke6 53.Bf2 Nxf3 54.Kxf3 Kd5  1/2-1/2

[Event "22nd World Seniors Open"]
[Site "Kamena Vourla GRE"]
[Date "2012.11.21"]
[Round "8.24"]
[White "Hohler,P"]
[Black "Davydov,M"]
[Result "1-0"]
[WhiteElo "2218"]
[BlackElo "2034"]

1.d4 d5 2.c4 c6 3.e3 e6 4.Nc3 Nf6 5.Nf3 Nbd7 6.Bd3 dxc4 7.Bxc4 b5 8.Be2 a6
9.O-O Bb7 10.e4 c5 11.e5 cxd4 12.Qxd4 Nd5 13.Nxd5 Bxd5 14.a4 b4 15.Bg5 Qb6
16.Qxb6 Nxb6 17.Rfc1 Be7 18.Rc7 Bxg5 19.Nxg5 Rf8 20.Nxh7 Kd8 21.Rac1 Rh8
22.Ng5 Rf8 23.Nxf7+ Rxf7 24.Rxf7 Nxa4 25.Rf8+ Kd7 26.Rxa8 Bxa8 27.Bxa6  1-0

[Event "FIDE WCh Women World Cup"]
[Site "Khanty-Mansiysk RUS"]
[Date "2012.11.21"]
[Round "4.2"]
[White "Stefanova,A"]
[Black "Sebag,M"]
[Result "1-0"]
[WhiteElo "2491"]
[BlackElo "2521"]

1.d4 d5 2.c4 c6 3.Nc3 Nf6 4.e3 e6 5.Nf3 Nbd7 6.Qc2 Bd6 7.Bd3 O-O 8.O-O dxc4
9.Bxc4 b5 10.Bd3 Bb7 11.a3 a5 12.e4 e5 13.Rd1 Rc8 14.h3 Qe7 15.Bg5 h6 16.Be3 c5
17.dxe5 Nxe5 18.Nxb5 Nxf3+ 19.gxf3 Bb8 20.Bc4 Qe5 21.Qb3 a4 22.Qxa4 Qh5 23.Kg2 Qg6+
24.Kf1 Qh5 25.Kg2 Qg6+ 26.Kf1 Qh5 27.Be2 Qxh3+ 28.Ke1 Be5 29.Nc3 Rfd8 30.Qb5 Bd4
31.Qxb7 Bxe3 32.Rxd8+ Rxd8 33.Qc7 Bd2+ 34.Kd1 Rc8 35.Qb7 Bf4 36.Kc2 Qe6 37.Qa6 Rc6
38.Qc4 Qe5 39.a4 Rd6 40.Rd1 Rxd1 41.Nxd1 Qd6 42.Ne3 Nd7 43.a5 Ne5 44.Qd5 Nc6
45.Qxd6 Bxd6 46.a6 Bb8 47.Kc3 Nb4 48.Nd5 Nc6 49.Kc4 Ba7 50.Nc3 h5 51.Nb5 Bb6
52.Nd6 Na7 53.f4 h4 54.Bg4 Kf8 55.Nc8 Nxc8 56.Bxc8 Ke7 57.Kb5 Ba7 58.Kc6 c4
59.Kb7 Bxf2 60.a7 Bxa7 61.Kxa7 Kd6 62.Kb6 g5 63.fxg5 Ke5 64.Bf5 Kd4 65.Kc6  1-0

[Event "VIII Governor's Cup"]
[Site "Khanty-Mansiysk RUS"]
[Date "2012.11.21"]
[Round "7.8"]
[White "Aleksandrov,A"]
[Black "Frolyanov,D"]
[Result "1/2-1/2"]
[WhiteElo "2607"]
[BlackElo "2556"]

1.d4 d5 2.c4 e6 3.Nc3 c6 4.e3 Nf6 5.Nf3 Nbd7 6.Qc2 Bd6 7.Bd3 O-O 8.O-O dxc4
9.Bxc4 a6 10.Rd1 b5 11.Bd3 Qc7 12.Bd2 c5 13.Ne4 c4 14.Nxd6 Qxd6 15.Be2 Bb7
16.Ba5 Rfc8 17.Rac1 Rab8 18.a3 Ne4 19.Ne1 f5 20.Bf1 Nef6 21.Qe2 Ng4 22.g3 Ngf6
23.f3 Re8 24.b3 Bd5 25.bxc4 Bxc4 26.Qd2 Rbc8 27.Nd3 Nd5 28.Bb4 Nxb4 29.axb4 e5
30.Nc5 Bxf1 31.Kxf1 Nb6 32.dxe5 Qxe5 33.Kf2 Nc4 34.Qd5+ Qxd5 35.Rxd5 Nxe3
36.Rd6 Nc4 37.Rxa6 Rcd8 38.Ra2 Rd4 39.Nb3 Rd3 40.Nc5 Rd4 41.Nb3  1/2-1/2

[Event "22nd World Seniors Open"]
[Site "Kamena Vourla GRE"]
[Date "2012.11.22"]
[Round "9.16"]
[White "Giulian,P"]
[Black "Beltz,Robert"]
[Result "1-0"]
[WhiteElo "2269"]
[BlackElo "2105"]

1.d4 d5 2.c4 c6 3.Nf3 Nf6 4.Nc3 e6 5.e3 Nbd7 6.Bd3 Bd6 7.e4 dxe4 8.Nxe4 Nxe4
9.Bxe4 Nf6 10.Bc2 Qa5+ 11.Bd2 Qh5 12.Qe2 O-O 13.O-O-O c5 14.dxc5 Bxc5 15.h3 Bb6
16.b4 e5 17.g4 Bxg4 18.hxg4 Qxg4 19.Rdg1 Qe6 20.Ng5 Qc6 21.Nxh7 Rac8 22.Nxf6+ Qxf6
23.Bg5 Qxf2 24.Rh8+  1-0

[Event "VIII Governor's Cup B"]
[Site "Khanty-Mansiysk RUS"]
[Date "2012.11.23"]
[Round "9"]
[White "Afanasiev,D2"]
[Black "Averchenko,S"]
[Result "1-0"]
[WhiteElo "2129"]
[BlackElo "2335"]

1.d4 Nf6 2.Nf3 e6 3.c4 d5 4.Nc3 c6 5.e3 Nbd7 6.Bd3 dxc4 7.Bxc4 b5 8.Bd3 a6
9.e4 c5 10.d5 c4 11.Bc2 Qc7 12.O-O Bb7 13.dxe6 fxe6 14.Ne2 Bd6 15.a4 b4 16.Ned4 Nc5
17.Qe2 e5 18.Nf5 Ncxe4 19.Nxd6+ Qxd6 20.Qxc4 Bd5 21.Qe2 O-O 22.Be3 Ng4 23.Rfd1 Nef6
24.h3 Nxe3 25.Qxe3 e4 26.Nd4 Kh8 27.Rd2 Rae8 28.Re1 Nh5 29.Ne2 Qe5 30.Qd4 Qb8
31.Qxd5 Rd8 32.Qxe4 Nf6 33.Rxd8 Rxd8  1-0

[Event "62nd ch-HUN 2012"]
[Site "Heviz HUN"]
[Date "2012.11.24"]
[Round "3.5"]
[White "Medvegy,Z"]
[Black "Banusz,T"]
[Result "1/2-1/2"]
[WhiteElo "2561"]
[BlackElo "2580"]

1.c4 c6 2.Nf3 d5 3.e3 Nf6 4.Nc3 e6 5.d4 a6 6.Qc2 c5 7.cxd5 exd5 8.Be2 Be6
9.dxc5 Bxc5 10.Nd4 O-O 11.O-O Qd6 12.Nxe6 fxe6 13.b3 Nbd7 14.Bb2 Rac8 15.Rac1 Rc6
16.Qb1 Rfc8 17.Na4 Ba3 18.Rxc6 Rxc6 19.Rc1 Bxb2 20.Qxb2 b5 21.Rxc6 Qxc6 22.Nc3 b4
23.Nd1 Ne4 24.Bd3 Ndf6 25.Qc2 Qxc2 26.Bxc2 Kf7 27.Bxe4 Nxe4 28.Kf1 e5 29.f3 Nc5
30.Ke2 Ke6  1/2-1/2

[Event "22nd World Seniors Open"]
[Site "Kamena Vourla GRE"]
[Date "2012.11.24"]
[Round "11.39"]
[White "Blaushtain,B"]
[Black "Rave,Avraham"]
[Result "1-0"]
[WhiteElo "2092"]
[BlackElo "1838"]

1.c4 e6 2.Nc3 Nf6 3.e3 d5 4.d4 c6 5.Nf3 Nbd7 6.Bd3 dxc4 7.Bxc4 a6 8.a4 Bd6
9.h3 O-O 10.Ng5 Nd5 11.Nge4 Nxc3 12.bxc3 Be7 13.O-O b5 14.Bd3 Bb7 15.f4 f5
16.Nf2 Nb6 17.a5 Nc4 18.Qb3 Qd5 19.e4 fxe4 20.Bxe4 Qd7 21.Nd3 Kh8 22.Ne5 Nxe5
23.dxe5 Bc5+ 24.Kh2 Rad8 25.Qc2 g6 26.Qe2 Be7 27.Qf3 Rb8 28.Rd1 Qc7 29.Qg4 Bc8
30.Be3 c5 31.Bf2 Bb7 32.Qxe6 Bc8 33.Qd5 Rxf4 34.Bg3 Bb7 35.Qe6 Rxe4 36.Rd7 Bc8
37.Rxe7 Bxe6 38.Rxc7 c4 39.Rc6 Bd5 40.Rxa6 Re2 41.Rg1 b4 42.cxb4 Rxb4 43.e6 Rxe6
44.Rxe6 Bxe6 45.Ra1 Kg8 46.a6 c3 47.a7 Bd5 48.Rd1 Ba8 49.Rd8+ Kf7 50.Rxa8 Ra4
51.Rc8 Rxa7 52.Rxc3 h5 53.Rc7+ Rxc7 54.Bxc7 Ke6 55.g4 Kf6 56.Kg3 Kf7 57.Kf4 hxg4
58.Kxg4 Kg8 59.Be5 Kf7 60.Bb2  1-0

[Event "TCh-NED Meesterklasse 2012-13"]
[Site "Netherland NED"]
[Date "2012.11.24"]
[Round "4.9"]
[White "Roggeveen,P"]
[Black "Van Delft,M"]
[Result "1/2-1/2"]
[WhiteElo "2207"]
[BlackElo "2397"]

1.d4 d5 2.c4 c6 3.Nc3 Nf6 4.e3 e6 5.Nf3 Nbd7 6.Bd3 dxc4 7.Bxc4 b5 8.Bd3 a6
9.e4 c5 10.d5 Qc7 11.O-O Bb7 12.dxe6 fxe6 13.Bc2 Bd6 14.Ng5 Nf8 15.f4 h6
16.e5 O-O-O 17.exd6 Rxd6 18.Qe2 hxg5 19.a4 b4 20.Ne4 Nxe4 21.Bxe4 Rd4 22.Bxb7+ Kxb7  1/2-1/2

[Event "22nd TCh-SLO 2012"]
[Site "Slovenia SLO"]
[Date "2012.11.24"]
[Round "2"]
[White "Jelen,Ig"]
[Black "Buzeti,J"]
[Result "1-0"]
[WhiteElo "2368"]
[BlackElo "2271"]

1.d4 d5 2.c4 c6 3.Nc3 Nf6 4.e3 e6 5.Nf3 Nbd7 6.Qc2 Bd6 7.Bd3 O-O 8.O-O dxc4
9.Bxc4 e5 10.a3 Qe7 11.h3 a6 12.Ba2 c5 13.dxc5 Bxc5 14.Ng5 g6 15.Nce4 Nxe4
16.Nxe4 Ba7 17.Bd2 Nc5 18.Bb4 b6 19.Nxc5 bxc5 20.Ba5 Qg5 21.Kh1 Qh4 22.f3 c4
23.e4 Be6 24.Bxc4 Rac8 25.b3 Rc6 26.Qe2 Rfc8 27.Rac1 Qg5 28.Bd2 Qe7 29.Bxa6 Rxc1
30.Bxc1 Rc3 31.b4 Qc7 32.Bg5 Kg7 33.Qd2 Rc2 34.Bh6+ Kg8 35.Qg5 f5 36.Qf6 Qf7  1-0

[Event "6th Festival Week-end Dicembrino"]
[Site "Vimercate ITA"]
[Date "2012.11.24"]
[Round "2.1"]
[White "Salvador,R"]
[Black "Rossi,Giam"]
[Result "1-0"]
[WhiteElo "2477"]
[BlackElo "1884"]

1.d4 d5 2.Nf3 c6 3.c4 e6 4.e3 Nf6 5.Nc3 Be7 6.Qc2 Nbd7 7.g4 O-O 8.g5 Nh5
9.Rg1 g6 10.e4 dxe4 11.Qxe4 Ng7 12.Bd2 f5 13.gxf6 Nxf6 14.Qc2 Nf5 15.O-O-O Qc7
16.h4 Bd7 17.Bd3 Rad8 18.Ne2 Bc8 19.Bc3 b6 20.Ne5 Bd6 21.Nf4 Bxe5 22.dxe5 Ne8
23.h5  1-0

[Event "17th Bora Kostic Mem"]
[Site "Vrsac SRB"]
[Date "2012.11.24"]
[Round "5.2"]
[White "Bogosavljevic,B"]
[Black "Sedlak,N"]
[Result "1/2-1/2"]
[WhiteElo "2524"]
[BlackElo "2572"]

1.d4 d5 2.c4 c6 3.Nf3 Nf6 4.Nc3 e6 5.e3 Nbd7 6.Qc2 Bd6 7.b3 O-O 8.Be2 b6
9.O-O Bb7 10.Bb2 Rc8 11.Rad1 Qe7 12.Rfe1 c5 13.cxd5 exd5 14.Qf5 Qe6 15.Bd3 Rfe8
16.dxc5 bxc5 17.Ng5 Qe5 18.Nf3 Qe6 19.Ng5 Qe5 20.Qxe5 Nxe5 21.Bb5 Red8 22.Be2 Bb8
23.Nf3 Ned7 24.Rc1 a6 25.Red1 Re8 26.Kf1 Ba7 27.Nh4 g6 28.Nf3 h6 29.Na4 Ne4
30.Nc3 Nef6 31.Na4 Ne4 32.Nc3  1/2-1/2

[Event "62nd ch-GRE 2012"]
[Site "Athens GRE"]
[Date "2012.11.25"]
[Round "2"]
[White "Moutousis,K"]
[Black "Galopoulos,N"]
[Result "1-0"]
[WhiteElo "2426"]
[BlackElo "2372"]

1.d4 Nf6 2.Nf3 e6 3.c4 d5 4.Nc3 c6 5.e3 Nbd7 6.Qc2 Bd6 7.b3 O-O 8.Be2 b6
9.Bb2 Bb7 10.O-O c5 11.cxd5 cxd4 12.Nxd4 Nxd5 13.Nxd5 Bxd5 14.Bf3 Bxf3 15.Nxf3 Qe7
16.Rad1 Rfd8 17.Nd4 Rac8 18.Nc6 Qf8 19.Qe4 Nc5 20.Qf3 Rd7 21.b4 Na6 22.Be5 Nb8
23.Bxd6 Rxd6 24.Rxd6 Qxd6 25.Nxa7 Rd8 26.b5 Kf8 27.h3 Rd7 28.Nc6 Nxc6 29.bxc6 Rc7
30.Rc1 Qd2 31.Rd1 Qc2 32.Rd8+ Ke7 33.Rg8 g6 34.Qf4 Qxc6 35.Qh4+ Kd6 36.Qd4+  1-0

[Event "ch-Commonwealth 2012"]
[Site "Chennai IND"]
[Date "2012.11.25"]
[Round "4"]
[White "Shyam,N"]
[Black "Raghavi,N"]
[Result "1-0"]
[WhiteElo "2431"]
[BlackElo "2113"]

1.d4 d5 2.c4 e6 3.Nc3 Nf6 4.Nf3 c6 5.e3 Nbd7 6.Qc2 Bd6 7.b3 O-O 8.Bb2 Qe7
9.Be2 dxc4 10.bxc4 e5 11.h3 Re8 12.g4 exd4 13.exd4 Bb4 14.Kf1 Nf8 15.Bd3 Qc7
16.Ne2 Ng6 17.Bc1 c5 18.Bg5 Qc6 19.d5 Qd6 20.a3 Ba5 21.Rb1 a6 22.Kg2 b5 23.Rhd1 Bb7
24.Ng3 Bc7 25.Qc3 Bd8 26.Kf1 Rb8 27.Nf5 Qd7 28.Kg1 Ba8 29.Bf1 Rb6 30.cxb5 axb5
31.Qxc5 Ne4 32.Qd4 f6 33.Be3 Rb8 34.Qa7 Qxa7 35.Bxa7 Rb7 36.Bd4 Bb6 37.Bxb6 Rxb6
38.Rxb5 Rxb5 39.Bxb5 Rd8 40.Bc4 Kf8 41.Re1 Nc3 42.N3d4 Bxd5 43.Bxd5 Rxd5
44.Re3 Nb5 45.Ne6+ Kf7 46.Nexg7 Rd1+ 47.Kh2 Ra1 48.Ne8 Nxa3 49.Ned6+ Kg8
50.Re8+ Nf8 51.Nh6+  1-0

[Event "62nd ch-HUN 2012"]
[Site "Heviz HUN"]
[Date "2012.11.25"]
[Round "4.2"]
[White "Erdos,V"]
[Black "Banusz,T"]
[Result "1/2-1/2"]
[WhiteElo "2640"]
[BlackElo "2580"]

1.Nf3 Nf6 2.c4 c6 3.Nc3 d5 4.d4 e6 5.e3 Nbd7 6.Bd3 dxc4 7.Bxc4 b5 8.Bd3 Bd6
9.O-O O-O 10.a3 Bb7 11.Qc2 Rc8 12.b4 c5 13.bxc5 Bxf3 14.gxf3 Nxc5 15.dxc5 Rxc5
16.f4 Nd5 17.Bb2 Nxc3 18.Bxc3 Qc7 19.Rfc1 Rc8 20.Bb4 Rxc2 21.Rxc2 Qxc2 22.Bxc2 Bxb4
23.axb4 Rxc2 24.Rxa7 g5 25.fxg5 Rc4 26.f4 Rxb4 27.Kg2 Rb2+ 28.Kg3 Re2 29.Ra3 h6
30.h4 h5 31.Rb3 Kg7 32.Kf3 Rh2 33.Kg3 Re2 34.Kf3 Rh2 35.Kg3 Re2  1/2-1/2

[Event "British Rapidplay"]
[Site "Leeds ENG"]
[Date "2012.11.25"]
[Round "9.3"]
[White "Mazek,M"]
[Black "Gormally,D"]
[Result "0-1"]
[WhiteElo "2071"]
[BlackElo "2495"]

1.d4 d5 2.Nf3 Nf6 3.c4 c6 4.e3 e6 5.Nc3 Nbd7 6.Qc2 Bd6 7.g4 dxc4 8.Bxc4 e5
9.g5 Nd5 10.Ne4 Bb4+ 11.Bd2 Bxd2+ 12.Qxd2 N7b6 13.Bb3 exd4 14.Nxd4 Qe7 15.f3 O-O
16.O-O-O Rd8 17.Rhg1 Bd7 18.Nf6+ Nxf6 19.gxf6 Qxf6 20.Rg3 c5 21.Rdg1 g6 22.Qc2 c4
23.h4 cxb3 24.Qxb3 Rac8+ 25.Kb1 Bf5+ 26.Ka1 Rxd4 27.exd4 Qxh4 28.a3 Qxg3  0-1

[Event "TCh-AUT 2 Mitte 2012-13"]
[Site "Sauwald AUT"]
[Date "2012.11.25"]
[Round "5.6"]
[White "Kubinger,T"]
[Black "Lautner,Jo"]
[Result "1/2-1/2"]
[WhiteElo "2175"]
[BlackElo "2193"]

1.d4 d5 2.c4 e6 3.Nf3 c6 4.e3 Nf6 5.Nc3 Nbd7 6.Qc2 Bd6 7.g4 Nxg4 8.Rg1 Nxh2
9.Nxh2 Bxh2 10.Rxg7 Nf8 11.Rg2 Bc7 12.Bd2 Ng6 13.O-O-O Nh4 14.Rg1 Nf3 15.Rg7 h6
16.Rh7 Rg8 17.Rxh6 Qg5 18.Rh1 Bd7 19.Kb1 O-O-O 20.Bc1 Qf6 21.Ka1 Kb8 22.Be2 Bc8
23.Rh5 Ng1 24.Bd3 dxc4 25.Bxc4 e5 26.Rh1 Nf3 27.d5 Bf5 28.Qb3 c5 29.d6 Rxd6
30.Bxf7  1/2-1/2

[Event "9th Vasylyshyn Mem IM"]
[Site "Lviv UKR"]
[Date "2012.11.26"]
[Round "7"]
[White "Nester,I"]
[Black "Zajarnyi,A"]
[Result "1/2-1/2"]
[WhiteElo "2328"]
[BlackElo "2324"]

1.Nf3 d5 2.d4 Nf6 3.c4 c6 4.e3 e6 5.Nc3 Nbd7 6.Qc2 Bd6 7.Bd3 O-O 8.O-O dxc4
9.Bxc4 e5 10.dxe5 Nxe5 11.Nxe5 Bxe5 12.h3 Qe7 13.Bd2 Be6 14.Bxe6 Qxe6  1/2-1/2

[Event "ch-Commonwealth 2012"]
[Site "Chennai IND"]
[Date "2012.11.27"]
[Round "7"]
[White "Karthikeyan,P2"]
[Black "Sethuraman,S"]
[Result "1-0"]
[WhiteElo "2414"]
[BlackElo "2520"]

1.d4 d5 2.c4 c6 3.Nf3 Nf6 4.Nc3 e6 5.e3 Nbd7 6.Bd3 dxc4 7.Bxc4 b5 8.Bd3 a6
9.e4 c5 10.d5 Qc7 11.O-O Bb7 12.dxe6 fxe6 13.Ng5 Qc6 14.f4 c4 15.Bc2 b4 16.Ne2 h6
17.Nd4 Bc5 18.Nf3 Qb6 19.Kh1 O-O-O 20.Be3 g5 21.fxg5 Ng4 22.Bg1 hxg5 23.Qe2 e5
24.Nxg5 Ndf6 25.Rxf6 Nxf6 26.Ndf3 Bxg1 27.Nxg1 Rhg8 28.N1h3 Qc6 29.Rc1 Kb8
30.Bb3 Rd4 31.Bxc4 Nxe4 32.Nf3 Nd6 33.Bxg8 Qxc1+ 34.Nhg1 Re4 35.Qf2 Qe3 36.Qg3 Rf4
37.Qg5 Nf5 38.Bd5 Bc8 39.Qd8 Rg4 40.Nxe5 Qh6 41.Nd7+  1-0

[Event "62nd ch-HUN 2012"]
[Site "Heviz HUN"]
[Date "2012.11.27"]
[Round "6.2"]
[White "Prohaszka,P2"]
[Black "Banusz,T"]
[Result "1/2-1/2"]
[WhiteElo "2573"]
[BlackElo "2580"]

1.Nf3 d5 2.c4 e6 3.d4 c6 4.Nc3 Nf6 5.e3 Nbd7 6.Qc2 Bd6 7.g4 h6 8.Rg1 e5 9.cxd5 cxd5
10.Nb5 Bb8 11.g5 hxg5 12.Nxg5 e4 13.Bd2 Nb6 14.Qc5 Bf5 15.Rc1 Nfd7 16.Nd6+ Bxd6
17.Qxd6 Qe7 18.Qf4 g6 19.h4 Rc8 20.Rxc8+ Nxc8 21.Qc7 Ndb6 22.Qg3 Qd6 23.a3 f6
24.Nh3 Qxg3 25.fxg3 Kf7 26.Bb4 Ne7 27.Nf2 Bd7 28.b3 Nc6 29.Bc3 Nc8 30.Be2 Nd6
31.Kd2 a6 32.Rc1 Nf5 33.Rg1 Nd6 34.Rc1 Nf5  1/2-1/2

[Event "ch-Commonwealth 2012"]
[Site "Chennai IND"]
[Date "2012.11.30"]
[Round "10"]
[White "Fominyh,A"]
[Black "Ram,S"]
[Result "1/2-1/2"]
[WhiteElo "2456"]
[BlackElo "2269"]

1.d4 Nf6 2.Nf3 e6 3.c4 d5 4.Nc3 c6 5.e3 Nbd7 6.Qc2 b6 7.Be2 Bb7 8.O-O Be7
9.Rd1 O-O 10.e4 dxe4 11.Nxe4 Qc7 12.Nxf6+ Nxf6 13.c5 bxc5 14.dxc5 a5 15.Bg5 Ba6
16.Bxa6 Rxa6 17.Rd4 Nd5 18.Re1 Raa8 19.Bxe7 Qxe7 20.Ne5 Rfc8 21.g3 f6 22.Nxc6 Rxc6
23.Rxd5 Rac8 24.Qb3 Kf7 25.Qd3 exd5 26.Rxe7+ Kxe7 27.Qxh7 Kf7 28.Qh5+ Ke7
29.Qxd5 Rxc5 30.Qe4+ Kf8 31.h4 Re5 32.Qg6 Re2 33.Qf5 Rc1+ 34.Kg2 Rcc2 35.Qxa5 Rxf2+
36.Kh3 f5 37.Qa8+ Kf7 38.g4 Rxb2 39.Qd5+ Kg6 40.gxf5+ Kh7 41.a4 Ra2  1/2-1/2

[Event "FIDE WCh Women World Cup"]
[Site "Khanty-Mansiysk RUS"]
[Date "2012.11.30"]
[Round "6.4"]
[White "Stefanova,A"]
[Black "Ushenina,A"]
[Result "1-0"]
[WhiteElo "2491"]
[BlackElo "2452"]

1.d4 d5 2.c4 c6 3.Nc3 Nf6 4.e3 e6 5.Nf3 Nbd7 6.Qc2 Bd6 7.Bd3 O-O 8.O-O dxc4
9.Bxc4 b5 10.Bd3 Bb7 11.a3 a5 12.e4 e5 13.Rd1 Qc7 14.h3 Rfe8 15.Be3 exd4
16.Nxd4 Bh2+ 17.Kh1 Bf4 18.Bxf4 Qxf4 19.Nce2 Qb8 20.Ng3 Ne5 21.Bf1 Rc8 22.Ndf5 Rc7
23.Qc3 Rd7 24.f4 Rxd1 25.Rxd1 Ng6 26.Nh6+ gxh6 27.Qxf6 Qf8 28.Nf5 c5 29.Bxb5 Bxe4
30.Nd6 Rd8 31.Rd2 Bb1 32.Nxf7 Rxd2 33.Nxh6+  1-0